| 000 | 00849cab a22002295a 4500 | ||
|---|---|---|---|
| 001 | L159959 | ||
| 008 | 150113e2016 xxk 000 0 eng d | ||
| 035 | _a(Sirsi) u159959 | ||
| 041 | 0 | _aeng | |
| 050 | _218 | ||
| 100 | 1 | _aWilkinson, Sara | |
| 245 | 0 | 0 |
_aGrowth potential _h[electronic resource] |
| 260 |
_aLondon _bRICS _c2016 |
||
| 490 |
_aRICS Building Surveying Journal _vDecember 2016 - January 2017, 12-13(2) |
||
| 520 | _aIntroduces RICS guidance that will help to familiarise members with the benefits and practical issues of green roofs and walls. | ||
| 650 | 2 | 4 | _aGREEN ROOFS |
| 650 | 2 | 4 | _aGREEN BUILDINGS |
| 651 | 4 | _aAustralia | |
| 690 |
_aSustainability _96271 |
||
| 856 | 4 | 0 |
_uhttps://www.rics.org/Global/Building_Surveying_Journal_December_2016_January_2017.pdf _zView the article free of charge at www.rics.org... |
| 942 | _n0 | ||
| 999 |
_c85082 _d85082 |
||